00412nam a2200121Ia 45000010005000000080041000050820028000461000100000742450051001742600024002259010026002499990015002753202241024s9999 xx 000 0 und d aRD/371.716/R426inv/2010 aRepública Dominicana. Ministerio de Educación. Dirección General de Bienestar Estudiantil 0aInvetigaciones programa alimentación escolar bSanto Domingoc2010 a5/9/2013 8:50:48 a.m. c8796d8796